Material de apoyo para la convivencia escolar 2: enseñanza básica, 5§ a 8§, profesores jefes y familia
Αποθηκεύτηκε σε:
| Συγγραφή απο Οργανισμό/Αρχή: | |
|---|---|
| Μορφή: | Βιβλίο |
| Γλώσσα: | Ισπανικά |
| Έκδοση: |
Santiago
Mineduc
2000
|
| Θέματα: | |
| Ετικέτες: |
Προσθήκη ετικέτας
Δεν υπάρχουν, Καταχωρήστε ετικέτα πρώτοι!
|
MARC
| LEADER | 00000nam a2200000 a 4500 | ||
|---|---|---|---|
| 001 | UCK7686 | ||
| 003 | CL-VaPUC | ||
| 008 | 051202e20000000CL |||||||||||||||||spa|d | ||
| 082 | 0 | 4 | |a 371.192 |b MIN |2 21 |
| 110 | 2 | |a Ministerio de Educación |e author |9 497227 | |
| 245 | 1 | 0 | |a Material de apoyo para la convivencia escolar 2: enseñanza básica, 5§ a 8§, profesores jefes y familia |
| 300 | |a 35 p | ||
| 942 | |c BK | ||
| 945 | |d 20051202 00:00:00 |a jtorresc | ||
| 260 | |a Santiago |b Mineduc |c 2000 | ||
| 650 | 7 | |a RELACION DOCENTE ALUMNO |2 CL-VaPUC |9 307734 | |
| 650 | 7 | |a PARTICIPACION DE LOS PADRES |2 CL-VaPUC |9 497228 | |
| 650 | 0 | |a Sociología de la educación |9 260380 | |
| 583 | |a last modification |c 20120127 09:19:31 |k Rodrigo Vera | ||
| 999 | |c 315537 |d 315535 | ||
| 952 | |0 0 |1 0 |4 0 |6 371_192000000000000_MIN_2000 |7 0 |8 A |9 388869 |a BIBEDU |b BIBEDU |d 2019-11-22 |i 4187466 |o 371.192 MIN 2000 |p 4187466 |r 2019-11-22 |w 2019-11-22 |y BK |k EBA | ||
| 952 | |0 0 |1 0 |4 0 |6 371_192000000000000_MIN_2000 |7 0 |8 A |9 388870 |a BIBEDU |b BIBEDU |d 2019-11-22 |i 4187474 |o 371.192 MIN 2000 |p 4187474 |r 2019-11-22 |w 2019-11-22 |y BK |k EBA | ||
| 952 | |0 0 |1 0 |4 0 |6 371_192000000000000_MIN_2000 |7 0 |8 A |9 388871 |a BIBEDU |b BIBEDU |d 2019-11-22 |i 4187482 |o 371.192 MIN 2000 |p 4187482 |r 2019-11-22 |w 2019-11-22 |y BK |k EBA | ||
| 952 | |0 0 |1 0 |4 0 |6 371_192000000000000_MIN_2000 |7 0 |8 A |9 388872 |a BIBEDU |b BIBEDU |d 2019-11-22 |i 4187490 |o 371.192 MIN 2000 |p 4187490 |r 2019-11-22 |w 2019-11-22 |y BK |k EBA | ||
| 952 | |0 0 |1 0 |4 0 |6 371_192000000000000_MIN_2000 |7 0 |8 A |9 388873 |a BIBEDU |b BIBEDU |d 2019-11-22 |i 4187512 |o 371.192 MIN 2000 |p 4187512 |r 2019-11-22 |w 2019-11-22 |y BK |k EBA | ||